|
|
|
|
| LEADER |
00981nam a22002537a 4500 |
| 001 |
32473 |
| 003 |
BD-DhAAL |
| 005 |
20241110130755.0 |
| 008 |
171130t1996 bg a|||| |||| 00| 0 eng d |
| 040 |
|
|
|a BD-DhAAL
|c BD-DhAAL
|
| 082 |
|
|
|2 22
|a 306.095492
|
| 245 |
|
|
|a Research reports
|f (1996) :
|b social studies,
|n Volume XIV.
|
| 260 |
|
|
|a Dhaka :
|b Research and Evaluation Division, BRAC
|c 1996
|
| 300 |
|
|
|a 314 pages :
|b illustrations ;
|c 30 cm.
|
| 362 |
|
|
|a Vol. 14
|
| 504 |
|
|
|a Includes bibliographical references
|
| 541 |
|
|
|a BRAC
|e 32473
|
| 610 |
|
|
|a BRAC
|9 14405
|
| 651 |
|
|
|a Bangladesh
|x Social condition.
|9 24143
|
| 710 |
|
|
|a BRAC,
|b Research and Evaluation Division.
|9 14405
|
| 852 |
|
|
|a Ayesha Abed Library
|c BRAC Resource Section
|
| 942 |
|
|
|2 ddc
|c BK
|
| 999 |
|
|
|c 38779
|d 38779
|
| 952 |
|
|
|0 0
|1 0
|2 ddc
|4 0
|6 306_095492000000000_RES
|7 1
|8 RPT
|9 62238
|a BRACUL
|b BRACUL
|c BRS
|d 2017-12-10
|e BRAC
|l 0
|o 306.095492 RES
|p 3010032473
|r 2017-12-10
|t 1
|w 2017-12-10
|y BK
|x BRAC ; price not available in register
|